MARC details
| 000 -CABECERA |
| campo de control de longitud fija |
01185nam a2200181 a 4500 |
| 001 - NÚMERO DE CONTROL |
| campo de control |
000026216 |
| 005 - FECHA Y HORA DE LA ÚLTIMA TRANSACCIÓN |
| campo de control |
20211111132736.0 |
| 008 - DATOS DE LONGITUD FIJA--INFORMACIÓN GENERAL |
| campo de control de longitud fija |
110210s1994 pe 000 | spa d |
| 040 ## - FUENTE DE LA CATALOGACIÓN |
| Centro catalogador/agencia de origen |
DO-SdBNP |
| Lengua de catalogación |
spa |
| Centro/agencia transcriptor |
BNPHU |
| 082 ## - NÚMERO DE LA CLASIFICACIÓN DECIMAL DEWEY |
| Número de clasificación |
xxxx |
| Número de documento/Ítem |
K21c |
| 049 ## - FONDOS LOCALES (OCLC) |
| Fondos de biblioteca |
BNPD |
| 100 1# - ENTRADA PRINCIPAL--NOMBRE DE PERSONA |
| Nombre de persona |
Kaufmann, Margarita , |
| 9 (RLIN) |
53236 |
| 245 10 - MENCIÓN DE TÍTULO |
| Título |
Comunicación política / |
| Mención de responsabilidad, etc. |
Margarita Kaufmann. |
| 260 ## - PUBLICACIÓN, DISTRIBUCIÓN, ETC. |
| Lugar de publicación, distribución, etc. |
Lima : |
| Nombre del editor, distribuidor, etc. |
Medios de Comunicación & Democracia, |
| Fecha de publicación, distribución, etc. |
1994. |
| 300 ## - DESCRIPCIÓN FÍSICA |
| Extensión |
123 p. : |
| Otras características físicas |
il. ; |
| Dimensiones |
21 cm. |
| 505 ## - NOTA DE CONTENIDO CON FORMATO |
| Título |
Políticos, comunicadores y democracia / |
| Mención de responsabilidad |
Margarita Kaufmann |
| Título |
Medios de comunicación, política y ciudadanía / |
| Mención de responsabilidad |
Pablo Halpern |
| Título |
Medios de comunicación: entre el mercado, la tecnología y la ciudadanía / |
| Mención de responsabilidad |
Juan Carlos Latorre Díaz |
| Título |
La privatización de la política / |
| Mención de responsabilidad |
Ricardo Núñez |
| Título |
Políticos y comunicadores: entre el compromiso y la autonomía / |
| Mención de responsabilidad |
Roberto Pulido |
| Título |
Ética, comunicación política / |
| Mención de responsabilidad |
Guillermo León Escobar Herran |
| Título |
Los medios de comunicación en Colombia / |
| Mención de responsabilidad |
Javier Darío Restrepo |
| Título |
Europa ante la prensa y la política / |
| Mención de responsabilidad |
Vicente Torrijos |
| Título |
Las actitudes de la opinión pública en América con relación a la democracia / |
| Mención de responsabilidad |
Alfredo Keller |
| 700 ## - PUNTO DE ACCESO ADICIONAL--NOMBRE DE PERSONA |
| Nombre de persona |
Sosa, José Rafael |
| Término indicativo de función/relación |
ed. |
| 9 (RLIN) |
51507 |